Language Quiz

Random Language or Spanish Quiz

Spanish: Time Quiz Stats

 Plays Quiz Updated Mar 19, 2020

Support Sporcle.
Go Orange.
Score 0/14 Timer 03:00
0 Plays Today
English Spanish % Correct
Dayel día
94.1%
Nightla noche
93.8%
Hourla hora
93.8%
Minuteel minuto
91%
Yearel año
90.5%
Weekla semana
82.5%
Secondel segundo
76.1%
English Spanish % Correct
Monthel mes
72.1%
Afternoonla tarde
58.6%
Midnightla medianoche
53.2%
Noonel mediodía
38.1%
Decadeel decenio
22.9%
Centuryel siglo
22.7%
Dawnel amanecer
16.9%

From the Vault

Risky Map Clicking: Biggest Neighbor States

by sproutcm

Didn't your mom tell you to be careful where you click?
Remove Ads.
Support Sporcle.
Get the best of Sporcle when you Go Orange. This ad-free experience offers more features, more stats, and more fun while also helping to support Sporcle. Thank you for becoming a member.

Show Comments

Extras

Top Quizzes Today


Score Distribution

Your Account Isn't Verified!

In order to create a playlist on Sporcle, you need to verify the email address you used during registration. Go to your Sporcle Settings to finish the process.

Report this User

Report this user for behavior that violates our Community Guidelines.

Details: